| 000 | 02276cam a22002771i 4500 | ||
|---|---|---|---|
| 003 | SA-RiAUC | ||
| 005 | 20250101083032.0 | ||
| 008 | 241222s1975 le g 000 0 ara c | ||
| 040 |
_aSA-JeALM _bara _cSA-RiAUC _erda |
||
| 082 | 0 | 4 | _a249 |
| 090 |
_a249 _bع ب د |
||
| 100 | 1 |
_aعبد الحميد، محسن، _d1937- _eمؤلف. |
|
| 245 | 1 | 0 |
_aحقيقة البابية والبهائية / _cتأليف محسن عبد الحميد. |
| 250 | _aالطبعة الثانية. | ||
| 264 | 1 |
_aبيروت : _bالمكتب الإسلامي، _c1975 |
|
| 300 | _a266 صفحة | ||
| 336 |
_aنص _btxt _2rdacontent _3كتاب |
||
| 337 |
_aبدون وسيط _bn _2rdamedia |
||
| 338 |
_aمجلد _bnc _2rdacarrier |
||
| 650 | 7 |
_aالبهائية _2aucsh |
|
| 650 | 7 |
_aالبابية (فرقة إسلامية) _2aucsh |
|
| 856 |
_uhttp://dlib.nyu.edu/aco/book/columbia_aco001131/1?lang=ar _yDigital Copy _2 نرجو الانتباه لإمكانية وجود اختلاف في الطبعة أو الناشر بين البيانات على البوابة وما ستجده على الكتاب نظرا لمحدودية المعلومات المتاحة على الموقع الناشر للمادة. _3Please note that there may be a difference in the edition or publisher between the data on the portal and the book due to the limited information available on the publisher website for the material. |
||
| 856 |
_uhttp://dl-img.home.nyu.edu/adore-djatoka/resolver?url_ver=Z39.88-2004&svc_id=info%3Alanl-repo/svc/getRegion&svc_val_fmt=info%3Aofi/fmt%3Akev%3Amtx%3Ajpeg2000&svc.format=image/jpeg&rft_id=http%3A//dlib.nyu.edu/files/books/columbia_aco001131/columbia_aco001131_afr01_d.jp2&svc.scale=230 _yCoverImage _2 نرجو الانتباه لإمكانية وجود اختلاف في الطبعة أو الناشر بين البيانات على البوابة وما ستجده على الكتاب نظرا لمحدودية المعلومات المتاحة على الموقع الناشر للمادة. _3Please note that there may be a difference in the edition or publisher between the data on the portal and the book due to the limited information available on the publisher website for the material. |
||
| 942 |
_2ddc _cBOOK _n0 |
||
| 949 |
_aSA-JeALM _d241222 _uosman123 _n1 |
||
| 999 |
_c4292 _d4292 |
||